[Event "European Blitz 2022"]
[Site "Katowice POL"]
[Date "2022.12.16"]
[Round "11.6"]
[White "Hovhannisyan, Robert"]
[Black "Drozdowski, Kacper"]
[Result "1/2-1/2"]
[WhiteTitle "GM"]
[BlackTitle "IM"]
[WhiteElo "2597"]
[BlackElo "2448"]
[WhiteFideId "13302507"]
[BlackFideId "1136720"]
[EventDate "2022.12.16"]

1. e4 c5 2. Nf3 e6 3. d4 cxd4 4. Nxd4 a6 5. Nc3 Qc7 6. Bd3 Nc6 7. Nxc6 dxc6 8.
O-O e5 9. Be3 Nf6 10. Na4 Be6 11. Bb6 Qb8 12. Nc5 Bxc5 13. Bxc5 Nd7 14. Be3 O-O
15. a4 c5 16. Qe2 Qc7 17. b3 Rac8 18. Bc4 Bxc4 19. Qxc4 Nb6 20. Qc3 Qc6 21. f3
Nd7 22. a5 Rfe8 23. Rfd1 Nf6 24. Rd2 h6 25. Rad1 Qb5 26. Rd6 Qb4 27. Qxb4 cxb4
28. R1d2 Re6 29. Rxe6 fxe6 30. Kf2 Kf7 31. Ke2 Ke7 32. Kd1 Nd7 33. Kc1 Rc6 34.
Kb2 Rd6 35. h4 Rc6 36. Rd1 Rd6 37. Bd2 Rd4 38. Kc1 Nb8 39. Be3 Rxd1+ 40. Kxd1
Nc6 41. Bb6 h5 42. Kd2 Kd6 43. Kd3 g6 44. Kc4 Kd7 45. Kd3 Kd6 46. g3 Kd7 47. Ke3
Kd6 48. Ke2 Kd7 49. Kd3 Kd6 50. Ke3 Kd7 51. Kd3 Kd6 52. f4 Kd7 53. Kc4 exf4 54.
gxf4 e5 55. f5 gxf5 56. exf5 Ne7 57. f6 Ng6 58. Kd5 Nxh4 59. Kxe5 Nf3+ 60. Kf5
h4 61. Bc5 Ke8 62. Kg6 Ne5+ 63. Kg7 h3 64. Bg1 Nf7 65. Bh2 Nd8 66. Bg3 Nf7 67.
Bf4 Nd8 68. Bg3 Nf7 69. Bc7 Ng5 70. Bh2 Nf7 71. Bf4 Nd8 72. Kg6 Nf7 73. Kf5 Nd8
74. Kg6 Nf7 75. Bg3 Nd8 76. Bh2 Nf7 77. Kf5 Nh6+ 78. Kg5 Nf7+ 79. Kg4 Kd7 80.
Kxh3 Ke6 81. Kg4 Kxf6 82. Kf3 Ke6 83. Ke4 Ng5+ 84. Kf4 Nf7 85. Ke4 Ng5+ 86. Kf4
Nf7 87. Ke4 Ng5+ 1/2-1/2

[Event "European Blitz 2022"]
[Site "Katowice POL"]
[Date "2022.12.16"]
[Round "11.7"]
[White "Navara, David"]
[Black "Stefansson, Hannes"]
[Result "1-0"]
[WhiteTitle "GM"]
[BlackTitle "GM"]
[WhiteElo "2684"]
[BlackElo "2526"]
[WhiteFideId "309095"]
[BlackFideId "2300087"]
[EventDate "2022.12.16"]

1. e4 e5 2. Nf3 Nc6 3. Bc4 Nf6 4. d3 Bc5 5. O-O O-O 6. Re1 h6 7. c3 a5 8. Nbd2
d6 9. Nf1 Be6 10. Bb5 Ne7 11. d4 exd4 12. cxd4 Bb6 13. Ng3 Ng6 14. h3 d5 15. e5
Ne4 16. Nxe4 dxe4 17. Rxe4 c5 18. Bd3 cxd4 19. Bd2 Re8 20. Qe2 Bd5 21. Re1 Bxe4
22. Qxe4 Bc7 23. Qf5 Qc8 24. e6 Rxe6 25. Rxe6 Qxe6 26. Qxe6 fxe6 27. Bxg6 e5 28.
Be4 Kf8 29. Kf1 Ke7 30. Ne1 Rb8 31. Ke2 b5 32. Nd3 b4 33. b3 Bd6 34. Nb2 g5 35.
Nc4 Bc7 36. Kd3 Rf8 37. f3 Rb8 38. g3 Kf6 39. Bc1 Rg8 40. Bd5 Rg7 41. Nd2 Rg6
42. Ne4+ Ke7 43. Bd2 Rb6 44. h4 gxh4 45. gxh4 Kf8 46. h5 Kg7 47. Ng3 Rf6 48. Ke4
Bb8 49. Nf5+ Kh7 50. Bc4 Rb6 51. Bf7 Rf6 52. Bg6+ Rxg6 53. hxg6+ Kxg6 54. Nxh6
Kf6 55. Ng4+ Ke6 56. Nf2 1-0

[Event "European Blitz 2022"]
[Site "Katowice POL"]
[Date "2022.12.16"]
[Round "11.8"]
[White "Gavrilescu, David"]
[Black "Yuffa, Daniil"]
[Result "0-1"]
[WhiteTitle "IM"]
[BlackTitle "GM"]
[WhiteElo "2522"]
[BlackElo "2587"]
[WhiteFideId "1227190"]
[BlackFideId "24131423"]
[EventDate "2022.12.16"]

1. e4 Nf6 2. e5 Nd5 3. d4 d6 4. c4 Nb6 5. exd6 exd6 6. Nc3 Be7 7. h3 O-O 8. Nf3
Be6 9. b3 d5 10. c5 N6d7 11. Be3 Bf6 12. Rc1 Nc6 13. Bb5 Ne7 14. O-O Nf5 15. c6
Nb6 16. cxb7 Rb8 17. Ba6 Nxe3 18. fxe3 c6 19. Ne2 Qd6 20. Nf4 Rfe8 21. Nd3 Qa3
22. Nc5 Bf5 23. Nd2 Bg6 24. Qf3 Qb2 25. Qf2 Rxe3 26. Nf3 Qxf2+ 27. Kxf2 Ree8 28.
Rfe1 Kf8 29. a4 Be4 30. a5 Bxf3 31. Kxf3 Rxe1 32. axb6 axb6 33. Nd7+ Ke7 34.
Nxb8 Rxc1 35. Nxc6+ Rxc6 36. b8=Q Bxd4 37. Qb7+ Kd6 38. Bb5 Rc3+ 39. Ke2 Re3+
40. Kd2 Re7 41. Qb8+ Kc5 42. Bd3 Be3+ 43. Kc2 g6 44. h4 h5 45. Qf8 Kd6 46. Bb5
Bc5 47. Kc3 Ke6 48. Qc8+ Kf6 49. b4 Bd6 50. Qc6 Rc7 51. Qxc7 Bxc7 52. Bc6 Be5+
53. Kd3 Ke6 54. Bb7 Bd6 55. b5 Bg3 56. Bc8+ Ke5 57. Bd7 Bxh4 58. Be8 Ke6 59. Bc6
Be7 60. Kd4 Bc5+ 61. Kd3 f5 62. Be8 Kf6 63. Bc6 d4 64. Be8 h4 65. Ke2 g5 66. Bd7
g4 67. Kd3 Ke5 68. Ke2 Kf4 69. Bc8 h3 70. gxh3 gxh3 71. Bb7 Kg3 72. Bc6 f4 73.
Bd5 h2 74. Bh1 f3+ 75. Kd3 f2 76. Ke2 d3+ 0-1

[Event "European Blitz 2022"]
[Site "Katowice POL"]
[Date "2022.12.16"]
[Round "11.9"]
[White "Oleksiyenko, Mykhaylo"]
[Black "Tregubov, Pavel V."]
[Result "1-0"]
[WhiteTitle "GM"]
[BlackTitle "GM"]
[WhiteElo "2594"]
[BlackElo "2553"]
[WhiteFideId "4152417"]
[BlackFideId "4115341"]
[EventDate "2022.12.16"]

1. e4 c5 2. Nf3 e6 3. d4 cxd4 4. Nxd4 Nc6 5. Nc3 Nf6 6. Ndb5 Bb4 7. a3 Bxc3+ 8.
Nxc3 d5 9. Bd3 O-O 10. O-O d4 11. Ne2 e5 12. h3 Nd7 13. b4 a5 14. b5 Ne7 15. c3
dxc3 16. Be3 b6 17. Nxc3 Bb7 18. Na4 Rc8 19. Qe2 Qc7 20. Rac1 Qd6 21. Ra1 Qg6
22. f3 Qe6 23. Rab1 Ng6 24. Qf2 Nf4 25. Rfd1 h5 26. Bf1 f5 27. exf5 Qxf5 28.
Bxf4 exf4 29. Nxb6 Rc2 30. Bd3 Rxf2 31. Bxf5 Nxb6 32. Be6+ 1-0

[Event "European Blitz 2022"]
[Site "Katowice POL"]
[Date "2022.12.16"]
[Round "11.10"]
[White "Nasuta, Grzegorz"]
[Black "Saraci, Nderim"]
[Result "0-1"]
[WhiteTitle "GM"]
[BlackTitle "IM"]
[WhiteElo "2546"]
[BlackElo "2468"]
[WhiteFideId "1141686"]
[BlackFideId "6351921"]
[EventDate "2022.12.16"]

1. e4 e5 2. Nf3 Nc6 3. Bc4 Bc5 4. O-O Nf6 5. d3 O-O 6. h3 d6 7. c3 a6 8. Bb3 Ba7
9. Nbd2 Ne7 10. Re1 Ng6 11. Nf1 Be6 12. d4 Bxb3 13. Qxb3 b5 14. Ng3 c5 15. dxc5
Bxc5 16. Be3 Qb6 17. Rad1 Rad8 18. Rd2 Qc6 19. Bg5 Kh8 20. Bxf6 gxf6 21. Nh5 d5
22. Rxd5 Qb6 23. Re2 Rxd5 24. Qxd5 Kg8 25. Nxf6+ Qxf6 26. Qxc5 Rd8 27. Rd2 Rxd2
28. Nxd2 Qg5 29. Qc8+ Kg7 30. Nf1 Qc1 31. Qxa6 Qxb2 32. Qc6 Nf4 33. Qc5 Qxc3 34.
Qxc3 Ne2+ 35. Kh2 Nxc3 36. Ne3 Nxe4 37. f3 Nc3 38. a3 Kg6 39. Kg3 f5 40. Nc2 f4+
41. Kf2 Kf5 42. Ke1 Nd5 43. Kd2 h5 44. Kd3 Nb6 45. Kc3 Nc4 46. Kb4 Ne3 47. Ne1
e4 48. Kxb5 Nxg2 49. Nxg2 exf3 50. Nh4+ Ke4 51. Nxf3 Kxf3 52. a4 Kg3 53. a5 f3
54. a6 f2 55. a7 f1=Q+ 56. Kb6 Qf3 0-1

[Event "European Blitz 2022"]
[Site "Katowice POL"]
[Date "2022.12.16"]
[Round "11.11"]
[White "Wieczorek, Oskar"]
[Black "Fridman, Daniel"]
[Result "1-0"]
[WhiteTitle "GM"]
[BlackTitle "GM"]
[WhiteElo "2504"]
[BlackElo "2602"]
[WhiteFideId "1133950"]
[BlackFideId "11600454"]
[EventDate "2022.12.16"]

1. e4 c6 2. d4 d5 3. Nd2 dxe4 4. Nxe4 Bf5 5. Ng3 Bg6 6. c3 e6 7. Nh3 Bd6 8. Nf4
Nf6 9. h4 Qc7 10. Qf3 Nbd7 11. h5 Bc2 12. h6 g6 13. Bd3 Bxd3 14. Nxd3 O-O 15.
Bg5 Nd5 16. Ne4 f6 17. Bd2 f5 18. Nxd6 Qxd6 19. c4 e5 20. cxd5 e4 21. Qf4 Qxd5
22. Nb4 Qxd4 23. Bc3 Qc4 24. Rd1 Rf7 25. Rd4 Qe6 26. Qd6 Qe8 27. Rd1 e3 28. Qd4
exf2+ 29. Kxf2 Nf6 30. Rhe1 Qf8 31. Qf4 Qxh6 32. Qxh6 Ng4+ 33. Kf3 Nxh6 34. Nd3
Ng4 35. Ne5 Nxe5+ 36. Rxe5 b6 37. Re6 c5 38. a4 Kf8 39. Rc6 Re8 40. a5 Rb7 41.
axb6 axb6 42. Rdd6 Re4 43. Rxb6 Rxb6 44. Rxb6 c4 45. Rb7 h5 46. Rg7 Rg4 47. Rc7
h4 48. Rd7 Rg3+ 49. Kf2 Rg4 50. Bf6 Re4 51. Rh7 Rf4+ 52. Kg1 Re4 53. Rxh4 f4 54.
Bg5 Re2 55. Rxf4+ Kg7 56. Bf6+ Kh6 57. Bc3 Kg5 58. Rxc4 1-0

[Event "European Blitz 2022"]
[Site "Katowice POL"]
[Date "2022.12.16"]
[Round "11.13"]
[White "Subelj, Jan"]
[Black "Bartel, Mateusz"]
[Result "0-1"]
[WhiteTitle "IM"]
[BlackTitle "GM"]
[WhiteElo "2492"]
[BlackElo "2627"]
[WhiteFideId "14618583"]
[BlackFideId "1112635"]
[EventDate "2022.12.16"]

1. e4 e5 2. Nf3 Nc6 3. Bb5 a6 4. Ba4 Nf6 5. O-O b5 6. Bb3 Bb7 7. Nc3 Be7 8. d3
O-O 9. a3 Nd4 10. Nxd4 exd4 11. Ne2 c5 12. Nf4 Qc7 13. Re1 Bd6 14. Qf3 c4 15.
Ba2 Rae8 16. Bd2 Kh8 17. g3 Be5 18. b3 c3 19. Bc1 d5 20. Nxd5 Nxd5 21. exd5 b4
22. axb4 Qd6 23. Bf4 Bxf4 24. Qxf4 Qxd5 25. f3 Qxf3 26. Qxf3 Bxf3 27. b5 axb5
28. b4 f5 29. Rxe8 Rxe8 30. Kf2 Bh5 31. Kf1 0-1

[Event "European Blitz 2022"]
[Site "Katowice POL"]
[Date "2022.12.16"]
[Round "11.14"]
[White "Kyc, Jerzy"]
[Black "Keinanen, Toivo"]
[Result "1/2-1/2"]
[BlackTitle "IM"]
[WhiteElo "2230"]
[BlackElo "2508"]
[WhiteFideId "1163922"]
[BlackFideId "509825"]
[EventDate "2022.12.16"]

1. e4 Nc6 2. Nf3 d6 3. Bc4 Nf6 4. d3 Bg4 5. h3 Bxf3 6. Qxf3 g6 7. Nc3 Bg7 8. O-O
O-O 9. Be3 a6 10. Qe2 b5 11. Bb3 Na5 12. f4 c5 13. e5 Ne8 14. Bd5 Rc8 15. exd6
Nxd6 16. Kh2 Nf5 17. Be4 Nxe3 18. Qxe3 Qd6 19. Rae1 c4 20. Rd1 Rfd8 21. Kh1 cxd3
22. Rxd3 Nc4 23. Qf2 Qb6 24. Qxb6 Nxb6 25. Bb7 Rxd3 26. cxd3 Rd8 27. Bxa6 b4 28.
Ne4 Bxb2 29. Rb1 Ba3 30. Nc5 Nd5 31. Rf1 e6 32. Bc4 Ne3 33. Rf2 Nxc4 34. dxc4
Rc8 35. Nb3 Rxc4 36. g3 Bc1 37. Kg2 Be3 38. Re2 Bb6 39. h4 Kg7 40. Rb2 h6 41.
Nd2 Rd4 42. Nf3 Re4 43. Rc2 Kf6 44. Rd2 Re3 45. Ne5 Ra3 46. Nd7+ Kf5 47. Nxb6
Kg4 48. Kh2 b3 49. axb3 Rxb3 50. Nc4 Rxg3 51. Ne5+ Kxh4 52. Nxf7 Rh3+ 53. Kg2
Rg3+ 54. Kf2 Rh3 55. Rd4 Kg4 56. Re4 Kf5 57. Nd6+ Kf6 58. Ne8+ Kf5 59. Nd6+ Kf6
60. Re2 Rh2+ 61. Kf3 Rxe2 62. Kxe2 e5 63. fxe5+ Kxe5 1/2-1/2

[Event "European Blitz 2022"]
[Site "Katowice POL"]
[Date "2022.12.16"]
[Round "11.15"]
[White "Cherniaiev, Tykhon"]
[Black "Sahidi, Samir"]
[Result "1/2-1/2"]
[WhiteTitle "FM"]
[BlackTitle "IM"]
[WhiteElo "2330"]
[BlackElo "2494"]
[WhiteFideId "14182360"]
[BlackFideId "14936372"]
[EventDate "2022.12.16"]

1. Nf3 Nf6 2. d4 d5 3. c4 e6 4. g3 dxc4 5. Bg2 c5 6. O-O Nc6 7. dxc5 Qxd1 8.
Rxd1 Bxc5 9. Nbd2 c3 10. bxc3 Bd7 11. Nb3 Bb6 12. Ba3 Ne4 13. e3 Nxc3 14. Rd3
Nb5 15. Bb2 f6 16. a4 Nc7 17. a5 Nb4 18. Rd2 Bxe3 19. fxe3 O-O-O 20. Nc5 Bc6 21.
Rad1 Rxd2 22. Rxd2 e5 23. Nh4 Bxg2 24. Kxg2 Nc6 25. Nf5 Nxa5 26. Bc3 Nc4 27. Ra2
g6 28. Nh6 Nxe3+ 29. Kf3 Ned5 30. Bd2 b6 31. Nf7 Rg8 32. Nd6+ Kd8 33. Ncb7+ Kd7
34. Rxa7 f5 35. Nc4 e4+ 36. Ke2 b5 37. Ne5+ Ke6 38. Nc6 g5 39. Nd4+ Ke5 40. Nc6+
Kf6 41. Nc5 h5 42. Nb4 h4 43. Rb7 hxg3 44. hxg3 Rh8 45. Nxd5+ Nxd5 46. Rxb5 Rh2+
47. Kd1 e3 48. Be1 Ke5 49. Nb3 Ke4 50. Nc5+ Kf3 51. Nd3 Ke4 52. Nc5+ Ke5 53.
Nd3+ Kd4 54. Nc1 f4 55. gxf4 gxf4 56. Ne2+ Ke4 57. Rxd5 Kxd5 58. Nxf4+ Ke4 59.
Ne2 Rh8 60. Nc1 Kf3 61. Bc3 Rd8+ 62. Ke1 Rd7 63. Ne2 Ke4 64. Nc1 Rh7 65. Kd1
Rh1+ 66. Be1 Rh2 67. Ne2 Rg2 68. Nc1 Rb2 69. Bc3 Rb7 70. Ke2 Rc7 71. Na2 Rc6 72.
Kd1 Kf3 73. Be1 e2+ 74. Kd2 Rd6+ 75. Kc2 Rd1 76. Bc3 Kf2 77. Nc1 Kf1 78. Nd3 Kg2
79. Ne1+ Kg3 80. Bd2 Ra1 81. Kd3 Kf2 82. Nc2 Ra8 83. Be1+ Kf1 84. Bc3 Rd8+ 85.
Ke3 Re8+ 86. Kd3 Kf2 87. Be1+ Kg1 88. Ne3 Rxe3+ 1/2-1/2

[Event "European Blitz 2022"]
[Site "Katowice POL"]
[Date "2022.12.16"]
[Round "11.16"]
[White "Hjartarson, Johann"]
[Black "Kowalski, Igor"]
[Result "0-1"]
[WhiteTitle "GM"]
[BlackTitle "IM"]
[WhiteElo "2476"]
[BlackElo "2344"]
[WhiteFideId "2300044"]
[BlackFideId "1172468"]
[EventDate "2022.12.16"]

1. c4 Nf6 2. g3 c6 3. Bg2 d5 4. b3 Bf5 5. Bb2 e6 6. Nf3 h6 7. O-O Nbd7 8. d3 Be7
9. Nbd2 O-O 10. Re1 Bh7 11. a3 a5 12. Qc2 Re8 13. Bc3 c5 14. Ne5 d4 15. Nxd7
Qxd7 16. Bb2 e5 17. Ne4 Bxe4 18. dxe4 Bd6 19. Bc1 a4 20. Bd2 b5 21. b4 Rec8 22.
cxb5 cxb4 23. Qd3 b3 24. e3 Bc5 25. Bf1 dxe3 26. Bxe3 Qxd3 27. Bxd3 Bxe3 28.
Rxe3 Rc3 29. Rae1 Rd8 30. Rd1 b2 31. b6 Rdxd3 0-1

[Event "European Blitz 2022"]
[Site "Katowice POL"]
[Date "2022.12.16"]
[Round "11.17"]
[White "Paehtz, Thomas"]
[Black "Svane, Rasmus"]
[Result "1-0"]
[WhiteTitle "GM"]
[BlackTitle "GM"]
[WhiteElo "2339"]
[BlackElo "2622"]
[WhiteFideId "4611349"]
[BlackFideId "4657101"]
[EventDate "2022.12.16"]

1. e4 c6 2. d4 d5 3. exd5 cxd5 4. Bd3 Nc6 5. c3 Nf6 6. Bf4 Bg4 7. Qb3 Qd7 8. Nd2
e6 9. Ngf3 Bd6 10. Bxd6 Qxd6 11. O-O O-O 12. Rae1 Qc7 13. Ne5 Bh5 14. f4 Rab8
15. Re3 Bg6 16. Bxg6 hxg6 17. Qd1 Qe7 18. Qe1 Ne8 19. Rh3 Nd6 20. g4 Rfc8 21.
Ndf3 Ne4 22. g5 Nxe5 23. Nxe5 f6 24. Rh8+ 1-0

[Event "European Blitz 2022"]
[Site "Katowice POL"]
[Date "2022.12.16"]
[Round "11.18"]
[White "Grandelius, Nils"]
[Black "Samunenkov, Ihor"]
[Result "1/2-1/2"]
[WhiteTitle "GM"]
[BlackTitle "IM"]
[WhiteElo "2660"]
[BlackElo "2488"]
[WhiteFideId "1710400"]
[BlackFideId "14187086"]
[EventDate "2022.12.16"]

1. Nf3 Nf6 2. g3 c5 3. Bg2 Nc6 4. O-O e5 5. e4 Be7 6. d3 O-O 7. Nc3 d6 8. h3 Rb8
9. Nh2 b5 10. Ng4 Be6 11. Nd5 Bxd5 12. exd5 Nd4 13. c3 Nf5 14. Kh2 g6 15. Nh6+
Nxh6 16. Bxh6 Re8 17. f4 Bf8 18. Bg5 Be7 19. fxe5 dxe5 20. Qf3 Kg7 21. Rae1 h6
22. Bxf6+ Bxf6 23. Qf2 Qd6 24. Re3 h5 25. Rf3 Rb6 26. Qe3 Qe7 27. h4 Rf8 28. Qe4
Rd6 29. a4 a6 30. axb5 axb5 31. Ra1 Qb7 32. Qe3 Qb6 33. Rf2 Rfd8 34. Be4 Rb8 35.
Rf3 Rbd8 36. Qf2 Rf8 37. Rg1 Ra8 38. g4 hxg4 39. Rxg4 Rh8 40. Kg1 c4 41. Qxb6
Rxb6 42. Rh3 cxd3 43. Bxd3 Kf8 44. h5 gxh5 45. Rb4 h4 46. Rxb5 Rxb5 47. Bxb5 Be7
48. Bd3 Bc5+ 49. Kf1 Ke7 50. b4 Bd6 51. Ke2 Rh5 52. Ba6 e4 53. Bc8 Kf6 54. c4
Bxb4 55. Rb3 Bc5 56. Rb5 Bd4 57. d6 Rxb5 58. cxb5 Bc5 59. d7 Ke7 60. Kf1 Bb6 61.
Kg2 Kd6 62. Kh3 e3 63. d8=Q+ Bxd8 64. Bg4 Ke5 65. b6 Bxb6 66. Kxh4 Kf4 67. Be2
f5 68. Kh3 Ke4 69. Kg2 f4 70. Bg4 Kd3 71. Kf1 Kd2 72. Bf3 1/2-1/2

[Event "European Blitz 2022"]
[Site "Katowice POL"]
[Date "2022.12.16"]
[Round "11.19"]
[White "Saric, Ante"]
[Black "Krzyzanowski, Marcin"]
[Result "1/2-1/2"]
[WhiteTitle "GM"]
[BlackTitle "GM"]
[WhiteElo "2504"]
[BlackElo "2538"]
[WhiteFideId "14506254"]
[BlackFideId "1132199"]
[EventDate "2022.12.16"]

1. Nf3 d5 2. g3 g6 3. Bg2 Bg7 4. d4 Nf6 5. c4 c6 6. cxd5 cxd5 7. Ne5 O-O 8. Nc3
Nc6 9. O-O Bf5 10. Nxc6 bxc6 11. Bf4 Qa5 12. Qd2 Qa6 13. Rac1 Rfd8 14. b3 Ne4
15. Nxe4 dxe4 16. Qc2 Rxd4 17. Qxc6 Qxc6 18. Rxc6 a5 19. Rfc1 a4 20. Be3 Rb4 21.
Bc5 axb3 22. axb3 Rxb3 23. Bxe7 h5 24. R6c4 Re8 25. Bg5 Rb2 26. e3 Ra2 27. h4
Rb2 28. Bf4 Bf6 29. Rc6 Bg7 30. Rc7 Rd8 31. R7c2 Rxc2 32. Rxc2 Rd1+ 33. Kh2 Bf6
34. Rc4 Rd2 35. Kg1 Rd1+ 36. Kh2 Rd2 37. Kg1 1/2-1/2

[Event "European Blitz 2022"]
[Site "Katowice POL"]
[Date "2022.12.16"]
[Round "11.20"]
[White "Arkell, Keith C"]
[Black "Sargsyan, Shant"]
[Result "1/2-1/2"]
[WhiteTitle "GM"]
[BlackTitle "GM"]
[WhiteElo "2406"]
[BlackElo "2645"]
[WhiteFideId "400270"]
[BlackFideId "13306766"]
[EventDate "2022.12.16"]

1. d4 Nf6 2. Nf3 g6 3. c4 Bg7 4. Nc3 O-O 5. g3 d6 6. Bg2 Nbd7 7. d5 Nc5 8. Be3
a5 9. O-O Re8 10. h3 e5 11. dxe6 Bxe6 12. b3 c6 13. Rc1 Qc7 14. Ng5 Rad8 15.
Nxe6 Nxe6 16. Qd2 Nc5 17. Bh6 Qe7 18. Bxg7 Kxg7 19. Rfe1 Qe5 20. Rcd1 h5 21. Qd4
Ne6 22. Qxe5 dxe5 23. e3 Nc5 24. Rxd8 Rxd8 25. Rd1 Ra8 26. f4 Re8 27. Kf2 Nfd7
28. g4 hxg4 29. hxg4 exf4 30. exf4 Nf6 31. Bf3 Ne6 32. Kg3 g5 33. fxg5 Nxg5 34.
Rd3 Rh8 35. Kg2 Ne6 36. Ne2 Ng5 37. Ng3 Re8 38. Nf5+ Kf8 39. Kf2 Ne6 40. Kg3 Ra8
41. a3 Nc5 42. Re3 Rd8 43. b4 axb4 44. axb4 Ne6 45. b5 cxb5 46. cxb5 b6 47. Rc3
Nc5 48. Ra3 Ne8 49. Ra1 Nd6 50. Nxd6 Rxd6 51. Ra8+ Kg7 52. Rc8 Rd4 53. Rb8 Na4
54. Bc6 Rb4 55. Rb7 Nc5 56. Rxb6 Kf6 57. Bf3+ Ke5 58. Rb8 Rb3 59. Re8+ Kf6 60.
Rb8 Ne4+ 61. Kg2 Rb2+ 62. Kg1 Ng5 63. Bc6 Ke5 64. b6 Kf4 65. b7 Kg3 66. Kf1 Ne6
67. Re8 Rb1+ 68. Ke2 Nd4+ 69. Kd3 Nxc6 70. Rc8 Rxb7 71. Rxc6 Kxg4 72. Ke2 Kg3
73. Rf6 Re7+ 74. Kf1 Ra7 75. Ke2 Kg2 76. Ke3 Kg3 77. Ke2 Kg4 78. Kf2 Kg5 79. Rb6
Ra3 80. Rb4 f5 81. Rc4 Rb3 82. Ra4 f4 83. Ra8 Rb2+ 84. Kf3 Rb3+ 85. Kf2 1/2-1/2

[Event "European Blitz 2022"]
[Site "Katowice POL"]
[Date "2022.12.16"]
[Round "11.21"]
[White "Mastrovasilis, Dimitrios"]
[Black "Gaehwiler, Gabriel"]
[Result "0-1"]
[WhiteTitle "GM"]
[BlackTitle "IM"]
[WhiteElo "2605"]
[BlackElo "2408"]
[WhiteFideId "4202694"]
[BlackFideId "1314530"]
[EventDate "2022.12.16"]

1. e4 c5 2. Nf3 d6 3. d4 cxd4 4. Nxd4 Nf6 5. f3 Nc6 6. c4 e6 7. Nc3 Be7 8. Be2
O-O 9. Be3 d5 10. cxd5 exd5 11. Nxc6 bxc6 12. exd5 Nxd5 13. Nxd5 cxd5 14. O-O
Bf6 15. Bd4 Be6 16. Rf2 Bxd4 17. Qxd4 Qb6 18. Qxb6 axb6 19. a3 Rfc8 20. Rd1 Kf8
21. f4 Rc5 22. f5 Bd7 23. Bf3 Bc6 24. Rfd2 Rd8 25. b4 Rc3 26. Bxd5 Ba4 27. Rf1
Bb3 28. Rfd1 Bxd1 29. Rxd1 Rxa3 30. Kf2 Ra4 31. b5 Rf4+ 0-1

[Event "European Blitz 2022"]
[Site "Katowice POL"]
[Date "2022.12.16"]
[Round "11.22"]
[White "Lagarde, Maxime"]
[Black "Stefanova, Antoaneta"]
[Result "1-0"]
[WhiteTitle "GM"]
[BlackTitle "GM"]
[WhiteElo "2584"]
[BlackElo "2442"]
[WhiteFideId "662399"]
[BlackFideId "2902257"]
[EventDate "2022.12.16"]

1. e4 e5 2. Nc3 Nc6 3. g3 g6 4. Bg2 Bg7 5. d3 Nge7 6. f4 d6 7. Nf3 O-O 8. O-O f5
9. fxe5 Nxe5 10. Nxe5 Bxe5 11. Bh6 Rf7 12. d4 Bg7 13. Bxg7 Kxg7 14. e5 dxe5 15.
dxe5 Qxd1 16. Raxd1 Be6 17. Rfe1 Nc6 18. Na4 Re8 19. Nc5 Bc8 20. Bxc6 bxc6 21.
Re3 Rfe7 22. Rde1 g5 23. Kf2 f4 24. gxf4 gxf4 25. Re4 Bf5 26. Rxf4 Rxe5 27. Rxe5
Rxe5 28. Rc4 h5 29. a4 Bg4 30. Nd3 Re2+ 31. Kg3 Bd7 32. h4 Kf6 33. b4 Ke7 34. a5
Kd6 35. Rd4+ Ke7 36. Rc4 Kd6 37. Rc5 Bg4 38. Kf4 Rh2 39. Kg5 Bd1 40. c3 Rg2+ 41.
Kf6 Rg3 42. Ne5 Rh3 43. Rxc6+ Kd5 44. Rc5+ Ke4 45. Ng6 Rf3+ 46. Kg5 Rf7 47. Re5+
Kd3 48. Rd5+ Kc2 49. c4 Be2 50. c5 Kb3 51. c6 Kxb4 52. Rd7 Rf1 53. Rxc7 Rc1 54.
Re7 Ba6 55. Ne5 Kxa5 56. Rxa7 Kb6 57. Re7 Rc5 58. Kxh5 Bb5 59. Kg6 Bxc6 60. Re6
Kc7 61. Rxc6+ Rxc6+ 62. Nxc6 1-0

[Event "European Blitz 2022"]
[Site "Katowice POL"]
[Date "2022.12.16"]
[Round "11.23"]
[White "Spalir, Jernej"]
[Black "Ziska, Helgi Dam"]
[Result "1/2-1/2"]
[WhiteTitle "IM"]
[BlackTitle "GM"]
[WhiteElo "2377"]
[BlackElo "2546"]
[WhiteFideId "14606518"]
[BlackFideId "7200595"]
[EventDate "2022.12.16"]

1. d4 Nf6 2. c4 g6 3. Nc3 Bg7 4. Nf3 d6 5. g3 O-O 6. Bg2 Nbd7 7. O-O e5 8. e4 b6
9. Re1 Bb7 10. h3 exd4 11. Nxd4 Re8 12. Bg5 h6 13. Bf4 Nc5 14. f3 Nh5 15. Nde2
Nxf4 16. Nxf4 Qg5 17. Kh2 Bxc3 18. bxc3 h5 19. h4 Qe5 20. Qd4 Na4 21. Nd3 Qg7
22. Rac1 Rad8 23. f4 c5 24. Qxg7+ Kxg7 25. Nf2 Ba6 26. Red1 Nb2 27. Re1 Bxc4 28.
Rc2 Na4 29. Bf1 Bxf1 30. Rxf1 d5 31. e5 f6 32. Nd3 c4 33. exf6+ Kxf6 34. Ne5 Nc5
35. Rd1 Ne4 36. Nc6 Rd6 37. Nxa7 Ra8 38. Nb5 Rd7 39. Kg2 Ra5 40. Nd4 Rda7 41.
Ra1 Ra4 42. Kf3 R7a5 43. Rb1 Ra6 44. Rbb2 Ra3 45. Nb5 R3a5 46. Nc7 Ra7 47. Rxb6+
Kf7 48. Nb5 R5a6 49. Rxa6 Rxa6 50. Nd4 Ra3 51. Nb5 Ra5 52. Nd4 Ra3 53. Nb5 Ra5
54. Nd4 Kf6 55. g4 hxg4+ 56. Kxg4 Ra3 57. Nb5 Ra6 58. Kf3 Rb6 59. a4 Ra6 60. Ra2
Nc5 61. Nc7 Rxa4 62. Nxd5+ Ke6 63. Nc7+ Kd7 64. Rxa4 Nxa4 65. Nb5 Kc6 66. Nd4+
Kd5 67. f5 gxf5 68. h5 Nxc3 69. Nxf5 Ke5 70. Ne3 Kf6 71. Nxc4 Kg5 72. Kf2 Kxh5 1/2-1/2

[Event "European Blitz 2022"]
[Site "Katowice POL"]
[Date "2022.12.16"]
[Round "11.24"]
[White "Livaic, Leon"]
[Black "Costachi, Mihnea"]
[Result "1/2-1/2"]
[WhiteTitle "GM"]
[BlackTitle "IM"]
[WhiteElo "2572"]
[BlackElo "2476"]
[WhiteFideId "14531534"]
[BlackFideId "1217518"]
[EventDate "2022.12.16"]

1. Nf3 Nf6 2. c4 c6 3. Nc3 d5 4. e3 g6 5. cxd5 cxd5 6. d4 Bg7 7. Be2 O-O 8. O-O
Nc6 9. b3 Bf5 10. Bb2 Ne4 11. Rc1 Rc8 12. Nxe4 Bxe4 13. Qd2 Qd6 14. Rc3 Bf5 15.
Rfc1 a6 16. Rc5 Rfd8 17. h3 h6 18. Bd3 Be6 19. a4 Qd7 20. b4 Na7 21. Qc2 Rxc5
22. Qxc5 Nc6 23. Qb6 Rc8 24. b5 Nb4 25. Rxc8+ Qxc8 26. bxa6 Nxa6 27. Qb3 Qc6 28.
Ba3 Bf6 29. Bb5 Qc8 30. Ne5 Bxe5 31. dxe5 d4 32. Qd3 dxe3 33. Qxe3 Nc7 34. Be2
Kh7 35. Bxe7 Nd5 36. Qc5 Nxe7 37. Qxe7 Qc1+ 38. Kh2 Qf4+ 39. Kg1 Qxe5 40. Bf1
Qa1 41. Qb4 h5 42. a5 Qe5 43. Qxb7 Qxa5 1/2-1/2

[Event "European Blitz 2022"]
[Site "Katowice POL"]
[Date "2022.12.16"]
[Round "11.25"]
[White "Klekowski, Maciej"]
[Black "Mitusov, Semen"]
[Result "1-0"]
[WhiteTitle "GM"]
[BlackTitle "IM"]
[WhiteElo "2477"]
[BlackElo "2397"]
[WhiteFideId "1132717"]
[BlackFideId "14151049"]
[EventDate "2022.12.16"]

1. c4 e6 2. Nf3 Nf6 3. b3 d5 4. Bb2 Be7 5. g3 O-O 6. Bg2 c5 7. e3 Nc6 8. cxd5
Nxd5 9. O-O b6 10. d4 Bb7 11. Nbd2 cxd4 12. Nxd4 Nxd4 13. Bxd4 Bf6 14. Ne4 Bxd4
15. Qxd4 Qe7 16. Rfd1 Rfd8 17. Qe5 Rac8 18. h4 h6 19. Rac1 Rxc1 20. Rxc1 Nb4 21.
Rc7 Rd7 22. Rxd7 Qxd7 23. Qb8+ Bc8 24. Nd6 Kh7 25. Nxc8 Qd1+ 26. Kh2 Qc2 27. Ne7 1-0